000 00520nam a2200181 i 4500
001 141056
003 ES-MaACL
005 20230906200219.0
007 t|
008 070919s1982 sp ||||1| spa d
020 _a84-204-2213-4
100 1 _aYourcenar, Marguerite.
_9117708
245 1 0 _aCuentos orientales /
_cMarguerite Yourcenar ; traducción de Emma Calatayud.
260 _a[Madrid] :
_bAlfaguara,
_c[1982]
300 _a165 p. ;
_c20 cm.
700 1 _aCalatayud, Emma.
_933533
852 _aES-MaACL
_jL-4363
999 _c141056
_d141056